000 00358nam a2200133Ia 4500
008 220217s9999||||xx |||||||||||||| ||und||
020 _a981-240-618-2
082 _a005.74 SIN
100 _aSinha, Amitesh
_92800
245 0 _aData warehousing
260 _aThomson learning
_bBangalore
_c20002
300 _b230
650 _aDATA FILES & DATABASE
_9695
999 _c170038
_d170038